Multivariate statistics for wildlife & ecology research
| Other Authors: | , |
|---|---|
| Format: | Book |
| Published: |
New York :
Springer ,
2000
|
| Subjects: |
MARC
| LEADER | 00000cam a2200000 7i4500 | ||
|---|---|---|---|
| 001 | 0000004114 | ||
| 005 | 20180323.0 | ||
| 020 | 0 | 0 | |a 0387986421 |
| 090 | 0 | 0 | |a 577.0727 |b KEV 2000 |
| 245 | 0 | 0 | |a Multivariate statistics for wildlife & ecology research |c Kevin McGarigal...etc |
| 260 | 0 | 0 | |a New York : |b Springer , |c 2000 |
| 300 | |a xiiii. 279 p. : |b ill. ; |c 23 cm. | ||
| 650 | 0 | 0 | |a Animal ecology---research---statistical methods |
| 650 | 0 | 0 | |a Multivariante analysis |
| 700 | 0 | 1 | |a Cushman, Sam |
| 700 | 0 | 1 | |a Stafford, Susan |
| 999 | |a 007981 |b Monograph |c Open Shelf |e Default branch | ||